000
00503nam a2200145Ia 4500
008
151213s9999 xx 000 0 und d
100
_a
ইমরান নূর।
245
_a
আমি কিছু বলতে চাই।
_c
ইমরান নূর।
260
_a
ঢাকা
_b
ফশিল্পতরু প্রকাশনী
_c
1990
300
_a
7314 p.
650
_a
Bangla
650
_a
বাংলা সাহিত্য
700
_a
ইমরান নূর।
999
_c
3884
_d
3884